ბათუმის შოთა რუსთაველის სახელმწიფო უნივერსიტეტის ბიბლიოთეკა

ქართული ხალხური სიტყვიერების შესწავლის საკითხი რევოლუციამდელი საქართველოს რუსულ პერიოდიკაში / (ბიბ.ჩანაწერი № 37955)

000 -ლიდერი
ფიქსირებული სიგრძის საკონტროლო ველი 01488nam a2200265Ia 4500
001 - საკონტროლო ნომერი
საკონტროლო ველი 3937
003 - საკონტროლო ნომრის იდენტიფიკატორი
საკონტროლო ველი GE_BSU
005 - ბოლო ოპერაციის თარიღი და დრო
საკონტროლო ველი 20190916102209.0
008 - ფიქსირებული სიგრძის მონაცემთა ელემენტები - ზოგადი ინფორმაცია
ფიქსირებული სიგრძის საკონტროლო ველი 181216s1978||||ge |||||||||||||| ||geo||
040 ## - კატალოგიზაციის წყარო
Transcribing agency GE_BSU
041 ## - ენის კოდი
Language code of text/sound track or separate title geo
080 ## - უნივერსალური ათობითი კლასიფიკაციის ინდექსი
Universal Decimal Classification number 398(479.22)+821.161.1+070(470) ა–86
100 ## - მთავარი ჩანაწერი - პიროვნების სახელი
Personal name არჯევანიძე, ეთერ
9 (RLIN) 3989
245 ## - ცნობა სათაურის შესახებ
Title ქართული ხალხური სიტყვიერების შესწავლის საკითხი რევოლუციამდელი საქართველოს რუსულ პერიოდიკაში /
Statement of responsibility, etc საქ. სსრ მეცნ. აკად., ცენტრ. სამეცნ. ბიბ-კა; რედ. ს. ხადური, ნ. გურგენიძე.
264 ## - წარმოების, გამოცემის, დისტრიბუციის და სხვა ცნობები
გამოცემის, წარმოების, დისტრიბუციის... ადგილი თბ. :
გამოცემის, წარმოების, დისტრიბუციის... სახელწოდება მეცნიერება,
გამოცემის, წარმოების, დისტრიბუციის... თარიღი 1978.
300 ## - ფიზიკური აღწერა
Extent 343 გვ. ;
Other physical details 22 სმ.
500 ## - ზოგადი შენიშვნა
General note პირთა სახელების საძიებელი: გვ. 333-341.
501 ## - შენიშვნა თანმხლებ მასალაზე
With note ლიტ. სია: გვ. 341-342.
520 ## - SUMMARY, ETC.
Summary, etc რეზ. რუს. ენ.
653 ## - INDEX TERM--UNCONTROLLED
Uncontrolled term ქართული ხალხური სიტყვიერება
653 ## - INDEX TERM--UNCONTROLLED
Uncontrolled term რუსული პერიოდიკა საქართველოში
700 ## - ADDED ENTRY--PERSONAL NAME
Personal name ხადური, ს.
Relator term რედაქტორი
9 (RLIN) 3990
700 ## - ADDED ENTRY--PERSONAL NAME
Personal name ნ. გურგენიძე
Relator term რედაქტორი
9 (RLIN) 3991
942 ## - ADDED ENTRY ELEMENTS (KOHA)
Koha item type წიგნი
Source of classification or shelving scheme
ეგზემპლარები
ჩამოწერის სტატუსი დაკარგული ეგზემპლარის სტატუსი კლასიფიკაციის წყარო ან თაროზე გაწყობის სქემა დაზიანების სტატუსი არ გაიცემა მუდმივი მდებარეობა (დაცვის ადგილი) ამჟამინდელი ადგილსამყოფელი თაროზე განთავსების ადგილი შეძენის თარიღი ღირებულება, შესყიდვის ნორმალური ფასი სრული შენახვის შიფრი შტრიხკოდი ბოლო ოპერაციის თარიღი ეგზემპლარის მიმდევრობითი ნომერი (კეტერი?) ფასის ძალაში შესვლის თარიღი ეგზემპლარის სახეობა საჯარო შენიშვნა
          ბათუმის შოთა რუსთაველის სახელმწიფო უნივერსიტეტის მთავარი ბიბლიოთეკა ბათუმის შოთა რუსთაველის სახელმწიფო უნივერსიტეტის მთავარი ბიბლიოთეკა წიგნსაცავი 2018-12-17 5.00 398(479.22)+821.161.1+070(470) ა–86 5636 2018-12-17 5636 2018-12-17 წიგნი 5 ლ.